Chỉ thị sinh học môi trường

Giới thiệu đầy đủ các chỉ thị sinh học cho các thành phần môi trường chính: đất, nước và không khí. Các mối quan hệ, yếu tố ảnh hưởng, phản ứng thích nghi của sinh vật chỉ thị. Đồng thời đưa ra các phương pháp nghiên cứu chỉ thị sinh ho...

Täydet tiedot

Tallennettuna:
Bibliografiset tiedot
Päätekijä: Lê, Văn Khoa
Muut tekijät: Nguyễn, Xuân Quýnh
Aineistotyyppi: Kirja
Kieli:Undetermined
Julkaistu: H. Giáo dục 2007
Aiheet:
Linkit:http://lrc.tdmu.edu.vn/opac/search/detail.asp?aID=2&ID=7323
Tagit: Lisää tagi
Ei tageja, Lisää ensimmäinen tagi!
Thư viện lưu trữ: Trung tâm Học liệu Trường Đại học Thủ Dầu Một
LEADER 01132nam a2200217Ia 4500
001 TDMU_7323
008 210410s9999 xx 000 0 und d
082 |a 577.0711 
090 |b L250 
100 |a Lê, Văn Khoa 
245 0 |a Chỉ thị sinh học môi trường 
245 0 |c Lê Văn Khoa (chủ biên), Nguyễn Xuân Quýnh, Nguyễn Quốc Việt 
260 |a H. 
260 |b Giáo dục 
260 |c 2007 
300 |a 279tr 
520 |a Giới thiệu đầy đủ các chỉ thị sinh học cho các thành phần môi trường chính: đất, nước và không khí. Các mối quan hệ, yếu tố ảnh hưởng, phản ứng thích nghi của sinh vật chỉ thị. Đồng thời đưa ra các phương pháp nghiên cứu chỉ thị sinh học môi trường 
650 |a Sinh thái học  |v Giáo trình, Sinh học môi trường 
700 |a Nguyễn, Xuân Quýnh 
856 |u http://lrc.tdmu.edu.vn/opac/search/detail.asp?aID=2&ID=7323 
980 |a Trung tâm Học liệu Trường Đại học Thủ Dầu Một